Bilecik Bilecik Bilecik Bilecik Bilecik

Dijital güvenlik: dijital ortamlarda güvenle var olmak/ (Record no. 69931)

MARC details
000 -BAŞLIK
Sabit Uzunluktaki Kontrol Alanı 01997nam a22004817a 4500
001 - KONTROL NUMARASI
Control Dosyası 0069183
003 - KONTROL NUMARASI KİMLİĞİ
Kontrol Alanı KOHA_MİRAKIL
005 - EN SON İŞLEM TARİHİ ve ZAMANI
Kontrol Alanı 20260207004833.0
007 - FİZİKSEL TANIM SABİT ALAN - GENEL BİLGİ
Sabit uzunluklu kontrol alanı ta
008 - SABİT UZUNLUKTAKİ VERİ ÖGELERİ - GENEL BİLGİ
Sabit Alan 230803b2022 tu |||gr||||#||||0|tur |
020 ## - ISBN - ULUSLARARASI STANDART KİTAP NUMARASI
Isbn 9789750642623
Nitelik bilgileri
040 ## - KATALOGLAMA KAYNAĞI
Özgün Kataloglama Kurumu TR-BiSEU
Kataloglama Dili tur
Çeviri Kurumu TR-BiSEU
Açıklama Kuralları rda
041 0# - DİL KODU
Metin ya da ses kaydının dil kodu tur
044 ## - YAYINLAYAN/ÜRETEN KURULUŞUN ÜLKE KODU
ISO country code tu
050 ## - SINIFLAMA ve YER NUMARASI
Sınıflama Numarası QA76.9
Yer Numarası .O94 2022
100 1# - KİŞİ ADI
Yazar Adı (Kişi adı) Özer, Fatih.
245 1# - ESER ADI BİLDİRİMİ
Başlık Dijital güvenlik: dijital ortamlarda güvenle var olmak/
Sorumluluk Bildirimi Fatih Özer ; Fatih Özer; editör Yusuf Levent Şahin .
264 #1 - ÜRERİM, YAYIN, DAĞITIM ve TELİF BİLDİRİMİ
Yayın yeri Eskişehir :
Yayınlayan Anadolu Üniversitesi Sosyal Medya ve Dijital Güvenlik Eğitim Uygulama ve Araştırma Merkezi (SODİGEM)
Yayın tarihi 2022
300 ## - FİZİKSEL TANIMLAMA
Sayfa, Cilt vb. 126 sayfa; resimli; 23 cm.
336 ## - İÇERİK TÜRÜ
Content type term metin
Content type code txt
Source rdacontent
337 ## - MEDYA TÜRÜ
Media type term aracısız
Media type code n
Source rdamedia
338 ## - TAŞIYICI TÜRÜ
Carrier type term cilt
Carrier type code nc
Source rdacarrier
490 1# - DİZİ BİLDİRİMİ
Dizi Bildirimi Anadolu Üniversitesi yayınları no ;
Cilt Numarası 4253.
490 1# - DİZİ BİLDİRİMİ
Dizi Bildirimi Sosyal Medya ve Dijital Güvenlik Eğitim Uygulama ve Araştırma Merkezi (SODİGEM) yayınları no ;
Cilt Numarası 6
500 ## - GENEL NOT
Genel Not Kaynakça var.
650 #0 - KONU BAŞLIĞI EK GİRİŞ - KONU TERİMİ
Konusal terim veya coğrafi ad Bilgisayar güvenliği.
9 (RLIN) 3134
650 #0 - KONU BAŞLIĞI EK GİRİŞ - KONU TERİMİ
Konusal terim veya coğrafi ad Bilgisayar ağları--Güvenlik önlemleri.
9 (RLIN) 47150
650 #0 - KONU BAŞLIĞI EK GİRİŞ - KONU TERİMİ
Konusal terim veya coğrafi ad Bilgi saklama ve geri alma sistemleri--Güvenlik önlemleri.
9 (RLIN) 133745
650 #0 - KONU BAŞLIĞI EK GİRİŞ - KONU TERİMİ
Konusal terim veya coğrafi ad Bilişim suçları.
9 (RLIN) 133568
650 #0 - KONU BAŞLIĞI EK GİRİŞ - KONU TERİMİ
Konusal terim veya coğrafi ad Siber terörizm.
9 (RLIN) 133746
650 #0 - KONU BAŞLIĞI EK GİRİŞ - KONU TERİMİ
Konusal terim veya coğrafi ad Teknoloji--Risk değerlendirme.
9 (RLIN) 133747
650 #0 - KONU BAŞLIĞI EK GİRİŞ - KONU TERİMİ
Konusal terim veya coğrafi ad Computer crimes.
9 (RLIN) 62374
650 #0 - KONU BAŞLIĞI EK GİRİŞ - KONU TERİMİ
Konusal terim veya coğrafi ad Veri koruma.
9 (RLIN) 133748
650 #0 - KONU BAŞLIĞI EK GİRİŞ - KONU TERİMİ
Konusal terim veya coğrafi ad Computer security.
9 (RLIN) 4332
650 #0 - KONU BAŞLIĞI EK GİRİŞ - KONU TERİMİ
Konusal terim veya coğrafi ad Computer networks--Security measures.
9 (RLIN) 47152
650 #0 - KONU BAŞLIĞI EK GİRİŞ - KONU TERİMİ
Konusal terim veya coğrafi ad Information storage and retrieval systems -- Security measures.
9 (RLIN) 133749
650 #0 - KONU BAŞLIĞI EK GİRİŞ - KONU TERİMİ
Konusal terim veya coğrafi ad Cyberterrorism.
9 (RLIN) 133750
650 #0 - KONU BAŞLIĞI EK GİRİŞ - KONU TERİMİ
Konusal terim veya coğrafi ad Data protection.
9 (RLIN) 133751
650 #0 - KONU BAŞLIĞI EK GİRİŞ - KONU TERİMİ
Konusal terim veya coğrafi ad Technology--Risk assessment.
9 (RLIN) 133752
830 1# - SERİ EK GİRİŞİ - TEKBİÇİM ESER ADI
Tekbiçim Başlık Anadolu Üniversitesi yayınları no ;
Volume number/sequential designation 4253.
9 (RLIN) 6150
830 1# - SERİ EK GİRİŞİ - TEKBİÇİM ESER ADI
Tekbiçim Başlık Sosyal Medya ve Dijital Güvenlik Eğitim Uygulama ve Araştırma Merkezi (SODİGEM) yayınları no ;
Volume number/sequential designation 6
9 (RLIN) 133753
942 ## - EK GİRİŞ ÖGELERİ (KOHA)
Source of classification or shelving scheme Library of Congress Classification
Koha item type Book
Holdings
Materyal Türü Kalıcı Konum Mevcut Konum Raf Yeri Sınıflandırma Kaynağı Edinim Bilgisi Ana Konular Alt Konular Yer Numarası Demirbaş Numarası Fatura Tarihi Geri Çekilme Durumu Kayıp Durumu Hasarlı Durumu Kredi için değil Kayıt Tarih Toplam Ödünçverme Son Görülme Tarihi Son Kontrol Tarihi Genel / Bağış Notu
Book Prof. Dr. Azmi Özcan Kütüphanesi Prof. Dr. Azmi Özcan Kütüphanesi Birûni Salonu Library of Congress Classification Bağış BİLİM Matematik QA76.9 .O94 2022 0069183 02/02/2026         03/08/2023   17/03/2025 17/03/2025 Genel Bağış